书目信息 |
| 题名: |
名表的历史
|
|
| 作者: | 王丹娇 编著 | |
| 分册: | ||
| 出版信息: | 哈尔滨 哈尔滨出版社 2007 |
|
| 页数: | 195页 | |
| 开本: | 25cm | |
| 丛书名: | ||
| 单 册: | ||
| 中图分类: | TH714.52 | |
| 科图分类: | ||
| 主题词: | 手表--鉴赏--世界 , 手表 | |
| 电子资源: | ||
| ISBN: | 7-80699-840-3 | |
| 000 | 00883nam0 2200265 450 | |
| 001 | 003326052 | |
| 005 | 20091202091421.31 | |
| 010 | @a7-80699-840-3@dCNY38.00 | |
| 100 | @a20060210d2007 em y0chiy0110 ea | |
| 101 | 0 | @achi |
| 102 | @aCN@b230000 | |
| 105 | @aa z 000yy | |
| 106 | @ar | |
| 200 | 1 | @a名表的历史@9ming biao de li shi@dHistory of watch@e23款世界经典名表@f王丹娇编著@zeng |
| 210 | @a哈尔滨@c哈尔滨出版社@d2007 | |
| 215 | @a195页@c图,照片@d25cm | |
| 330 | @a本书介绍了23款世界经典名表,如:宝珀、江诗丹顿、宝玑 、芝柏、浪琴、积家、百达翡丽、卡地亚、欧米茄、雅典等。 | |
| 510 | 1 | @aHistory of watch@zeng |
| 517 | 1 | @a23款世界经典名表@923 kuan shi jie jing dian ming biao |
| 606 | 0 | @a手表@x鉴赏@y世界 |
| 606 | 0 | @a手表 |
| 690 | @aTH714.52@v4 | |
| 701 | 0 | @a王丹娇@9wang dan jiao@4编著 |
| 801 | 0 | @aCN@bNLC@c20091202 |
| 905 | @b794494-99@dTH714.52@e55@f6 | |
| 名表的历史=History of watch:23款世界经典名表/王丹娇编著.-哈尔滨:哈尔滨出版社,2007 |
| 195页:图,照片;25cm |
| ISBN 7-80699-840-3:CNY38.00 |
| 本书介绍了23款世界经典名表,如:宝珀、江诗丹顿、宝玑 、芝柏、浪琴、积家、百达翡丽、卡地亚、欧米茄、雅典等。 |
| ● |
| 相关链接 |
|
|
|
|
正题名:名表的历史
索取号:TH714.52/55
 
预约/预借
| 序号 | 登录号 | 条形码 | 馆藏地/架位号 | 状态 | 备注 |
| 1 | 794494 | 207944947 | 第二样本阅览室/ [索取号:TH714.52/55] | 在馆 | |
| 2 | 794495 | 207944956 | 第三借阅区/ [索取号:TH714.52/55] | 在馆 | |
| 3 | 794496 | 207944965 | 第三借阅区/ [索取号:TH714.52/55] | 在馆 | |
| 4 | 794497 | 207944974 | 第三借阅区/ [索取号:TH714.52/55] | 在馆 | |
| 5 | 794498 | 207944983 | 第三借阅区/ [索取号:TH714.52/55] | 在馆 | |
| 6 | 794499 | 207944992 | 第三借阅区/ [索取号:TH714.52/55] | 在馆 |